00637 a2200133 4500020001500000082001500015100001700030245003600047260003400083300002800117505029300145650004900438700001600487 a8446014610 a701bD946a aDuque, Felix aArte publico y espacio politico aEspaąbEdiciones Akalc2001 a174 pbill (col)c24 cm tAgradecimientostCapitulo 1. Controversia con Heidegger: El Arte Publico y el (Espacio) PoliticotCapitulo 2. La tecnica como productora del mundotCapitulo 3. El arte y el nacimiento del publicotCapitulo 4. El Arte Publico y la herida de la tierratBibliografiatIndice de ilustraciones aesteticaxarte xarte publicoxarte y estado aFelix Duque